Skład FC Barcelony w latach 2010-2019 - Statystyki

Ogólne statystyki
  • Ten quiz został rozwiązany 8 426 razy
  • Średni wynik to 18 z 31
Statystyki odpowiedzi
Piłkarz % Poprawnych
Lionel Messi
99%
Luis Suarez
96%
Neymar
95%
Marc-André ter Stegen
94%
Andrés Iniesta
84%
Ivan Rakitic
83%
Gérard Piqué
80%
Xavi
80%
Victor Valdés
74%
Carles Puyol
73%
Dani Alves
72%
Zlatan Ibrahimović
71%
Sergio Busquets
70%
Arturo Vidal
68%
Javier Mascherano
67%
Jordi Alba
67%
Claudio Bravo
66%
Alexis Sanchez
59%
David Villa
58%
Samuel Umtiti
53%
Pedro
47%
Clément Lenglet
40%
Philippe Coutinho
40%
Eric Abidal
37%
Sergi Roberto
35%
Paulinho
25%
Seydou Keita
25%
André Gomes
24%
Cesc Fabregas
22%
Maxwell
17%
Adriano
14%
Nie znaleziono quizów pasujących do podanych kryteriów
Rozkład punktacji
Procent ludzi z każdym wynikiem
Percentyl według liczby udzielonych odpowiedzi
Twoja historia wyników
Nie rozwiązałeś tego quizu